| Tag |
First Indicator |
Second Indicator |
Subfields |
| LEADER |
00000cam a2200000 i 4500 |
| 001 |
in00000044027 |
| 005 |
20151007065100.0 |
| 008 |
771122s1908 onc b f00000 engm |
| 010 |
|
|
|a agr08000812
|
| 035 |
|
|
|a (OCoLC)03437294
|
| 035 |
|
|
|9 AAE1241AM
|
| 040 |
|
|
|a DLC
|c NKM
|d NKM
|d TXA
|d UtOrBLW
|
| 049 |
|
|
|a TXAM
|c [110929]
|
| 050 |
|
0 |
|a QE185
|b .A13
|
| 092 |
|
|
|a 557.1
|b C212a New ser., Index
|
| 110 |
2 |
|
|a Geological Survey of Canada.
|
| 245 |
1 |
0 |
|a General index to reports, 1885-1906 /
|c Compiled by F. J. Nicolas.
|
| 264 |
|
1 |
|a Ottawa :
|b Government Printing Bureau,
|c 1908.
|
| 300 |
|
|
|a x, 1014 pages ;
|c 25 cm.
|
| 336 |
|
|
|a text
|b txt
|2 rdacontent
|
| 337 |
|
|
|a unmediated
|b n
|2 rdamedia
|
| 338 |
|
|
|a volume
|b nc
|2 rdacarrier
|
| 650 |
|
0 |
|a Geology
|z Canada.
|
| 700 |
1 |
|
|a Nicolas, F. J.
|q (Frank J.)
|
| 999 |
|
|
|a MARS
|
| 999 |
f |
f |
|s df99819c-6c29-3e41-b51f-ac8152cec2d8
|i 6f44e543-75da-3fa5-8d81-87db599448dc
|t 0
|
| 952 |
f |
f |
|p ric
|a Texas A&M University
|b Rellis Campus
|c Joint Library Facility
|d Remote Storage
|t 0
|e QE185 .A13
|h Library of Congress classification
|i unmediated -- volume
|m A14800961871
|
| 998 |
f |
f |
|a QE185 .A13
|t 0
|l Remote Storage
|